00796 2200313 4500001002100000005001500021035002000036007000300056008004100059020002200100082001200122084001800134084001400152100002200166245008000188250001000268260003800278300003200316650002100348700001200369700000900381520003000390990001100420990001100431990000900442990000900451990001100460990001100471INLIS00000000000314220220623023652 a0010-0219000084ta220623 g 0 ind  a978-602-71535-8-5 a499.221 a499.221 RET b a410 RET b0 aRETNO, Purwandari1 aBuku Pintar Bahasa Indonesia /cRetno Purwandari, Qoni'ah; penyunting, Qoni acet.1 aYogyakarta :bIstana Media,c2017 aviii, 328 hlm ;c14 x 20 cm 4aBAHASA.INDONESIA0 aQONI'AH0 aQONI aBibliografi: hlm. 319-323 a6490 a a6490 b a5619 a5619 a6490 a a6490 b